Organizacja i funkcjonowanie kas chorych, model non profit

Uložené v:
Podrobná bibliografia
Hlavný autor: Balicki, Stanislaw
Ďalší autori: Rutkowska, Małgorzata
Médium: Kapitola
Jazyk:Polish
Tagy: Pridať tag
Žiadne tagy, Buďte prvý, kto otaguje tento záznam!

MARC

LEADER 00000naa a2200000 4500
001 0151412
005 20220713115638.6
041 0 |a pol 
044 |a PL 
245 1 0 |a Organizacja i funkcjonowanie kas chorych, model non profit  |c Stanislaw Balicki, Małgorzata Rutkowska 
100 1 |a Balicki, Stanislaw 
700 1 |a Rutkowska, Małgorzata